Dívka s pomeranči / Jostein Gaarder ; přeložila Jarka Vrbová
Svého otce poznává Georg až prostřednictvím dopisu, který dostane dlouho po jeho smrti. Láska a život jsou zde konfrontovány právě se smrtí. Patnáctiletý Georg ztratil svého otce už ve čtyřech letech. Nyní, na prahu jeho dospělosti se objeví dopis, který mu tatínek napsal napříč časem, do Georgovy budoucnosti. V dopise mu vypráví o své osudové a nádherné lásce k dívce s pomeranči, o zvláštních pravidlech života či o svém pocitu paralely života s pohádkou. Konfrontuje ho však především s propojeností života a smrti. Získáme-li život, zákonitě přijde i jeho konec. Na závěr mu předkládá k řešení těžkou otázku. Kdyby měl Georg na výběr a věděl, že jeho život bude pouze kratičkým zlomkem v běhu věků, že bude muset jednou opustit ty, které miluje a nádherný svět, zvolil by žití, nebo by se raději vzdal existence, aby nemusel pocítit toto bolestné poznání loučení a jistého konce.
Record details
- ISBN: 978-80-00-06328-7
- Physical Description: 158 stran ; 21 cm
- Edition: 4. vydání
- Publisher: V Praze : Albatros, 2021
Content descriptions
| General Note: | Přeloženo z norštiny |
| Target Audience Note: | Pro čtenáře od 12 let |
Search for related items by subject
| Genre: | norské romány publikace pro mládež Norwegian fiction juvenile literature |
Available copies
- 1 of 1 copy available at Common Catalog SPOK.
Holds
- 0 current holds with 1 total copy.
Show All Copies
| Location | Call Number / Copy Notes | Barcode | Shelving Location | Status | Due Date |
|---|---|---|---|---|---|
| KDS Library | 810 GaJ | 204576804583 | Library | Available | - |
| LDR | 02469nam a2200457 i 4500 | ||
|---|---|---|---|
| 001 | 57487 | ||
| 003 | CZ-PrJAB | ||
| 005 | 20211104110650.0 | ||
| 007 | ta | ||
| 008 | 210921s2021 xr c 000 f cze | ||
| 015 | . | ‡acnb003352106 | |
| 020 | . | ‡a978-80-00-06328-7 ‡q(vázáno) : ‡cKč 249,00 | |
| 035 | . | ‡a(CZ PrNK)nkc20213352106 | |
| 035 | . | ‡a(OCoLC)1284974660 | |
| 040 | . | ‡aABG001 ‡bcze ‡erda | |
| 041 | 1 | . | ‡acze ‡hnor |
| 072 | 7. | ‡a821.11 ‡xGermánské literatury ‡2Konspekt ‡925 | |
| 072 | 7. | ‡a821-93 ‡xLiteratura pro děti a mládež (beletrie) ‡2Konspekt ‡926 | |
| 080 | . | ‡a821.113.5-31 ‡2MRF | |
| 080 | . | ‡a821-93 ‡2MRF | |
| 080 | . | ‡a(0:82-31) ‡2MRF | |
| 100 | 1 | . | ‡aGaarder, Jostein, ‡d1952- ‡7jn19990002512 ‡4aut |
| 240 | 1 | 0. | ‡aAppelsinpiken. ‡lČesky |
| 245 | 1 | 0. | ‡aDívka s pomeranči / ‡cJostein Gaarder ; přeložila Jarka Vrbová |
| 250 | . | ‡a4. vydání | |
| 264 | 1. | ‡aV Praze : ‡bAlbatros, ‡c2021 | |
| 300 | . | ‡a158 stran ; ‡c21 cm | |
| 336 | . | ‡atext ‡btxt ‡2rdacontent | |
| 337 | . | ‡abez média ‡bn ‡2rdamedia | |
| 338 | . | ‡asvazek ‡bnc ‡2rdacarrier | |
| 500 | . | ‡aPřeloženo z norštiny | |
| 520 | . | ‡aSvého otce poznává Georg až prostřednictvím dopisu, který dostane dlouho po jeho smrti. Láska a život jsou zde konfrontovány právě se smrtí. ‡bPatnáctiletý Georg ztratil svého otce už ve čtyřech letech. Nyní, na prahu jeho dospělosti se objeví dopis, který mu tatínek napsal napříč časem, do Georgovy budoucnosti. V dopise mu vypráví o své osudové a nádherné lásce k dívce s pomeranči, o zvláštních pravidlech života či o svém pocitu paralely života s pohádkou. Konfrontuje ho však především s propojeností života a smrti. Získáme-li život, zákonitě přijde i jeho konec. Na závěr mu předkládá k řešení těžkou otázku. Kdyby měl Georg na výběr a věděl, že jeho život bude pouze kratičkým zlomkem v běhu věků, že bude muset jednou opustit ty, které miluje a nádherný svět, zvolil by žití, nebo by se raději vzdal existence, aby nemusel pocítit toto bolestné poznání loučení a jistého konce. | |
| 521 | 8 | . | ‡aPro čtenáře od 12 let |
| 655 | 7. | ‡anorské romány ‡7fd132917 ‡2czenas | |
| 655 | 7. | ‡apublikace pro mládež ‡7fd133157 ‡2czenas | |
| 655 | 9. | ‡aNorwegian fiction ‡2eczenas | |
| 655 | 9. | ‡ajuvenile literature ‡2eczenas | |
| 700 | 1 | . | ‡aVrbová, Jarka, ‡d1950- ‡7jn20000402620 ‡4trl |
| 910 | . | ‡aABE463 | |
| 901 | . | ‡a57487 ‡bAUTOGEN ‡c57487 ‡tbiblio | |